00488pam a2200145 a 4500020000500000041000500005082001600010100002100026245005200047260004100099300001700140930000900157999001900166952015700185 c h a686.22bMES aLaura Mesequer . aTypo Mag Typography MagazinehTextual Documents a[s.l]:bPage one Publishing ,c2010. a191:bpaper. a6147 c239937d239937 001040708Text BooksaFAPbFAPd2011-10-08eBhararti Sahakari Grahak Bhandarg1350.63l0o686.22 MESpFAP-6503r2023-03-07 00:00:00t1w2023-03-07yBK